Housing Corporation (Record no. 120532)

MARC details
000 -LEADER
fixed length control field 00765cam a2200181 4500
001 - CONTROL NUMBER
control field ##L135515
008 - FIXED-LENGTH DATA ELEMENTS--GENERAL INFORMATION
fixed length control field 061103n 000 0 eng u
035 ## - SYSTEM CONTROL NUMBER
System control number (Sirsi) u135515
041 0# - LANGUAGE CODE
Language code of text/sound track or separate title eng
110 2# - MAIN ENTRY--CORPORATE NAME
Corporate name or jurisdiction name as entry element Housing Corporation
245 00 - TITLE STATEMENT
Title Housing Corporation
Remainder of title performance indicator site
520 ## - SUMMARY, ETC.
Summary, etc. Housing associations with over 250 homes report annually against a set of performance indicators. Provides access to the reports. Reviews research findings and analyses of performance indicator aggregated data.
590 ## - LOCAL NOTE (RLIN)
Local note IKA141106
651 #4 - SUBJECT ADDED ENTRY--GEOGRAPHIC NAME
Geographic name England
Chronological subdivision 886-
690 ## - LOCAL SUBJECT ADDED ENTRY--TOPICAL TERM (OCLC, RLIN)
Topical term or geographic name as entry element PROPERTY-RESIDENTIAL PROPERTY-RESIDENTIAL PROPERTY MANAGEMENT
856 40 - ELECTRONIC LOCATION AND ACCESS
Uniform Resource Identifier <a href="https://www.housingpis.co.uk/">https://www.housingpis.co.uk/</a>
Public note View the website free of charge at www.housingpis.co.uk...
942 ## - ADDED ENTRY ELEMENTS (KOHA)
Suppress in OPAC 0
Holdings
Withdrawn status Lost status Source of classification or shelving scheme Damaged status Not for loan Home library Current library Shelving location Date acquired Total Checkouts Full call number Barcode Date last seen Copy number Price effective from Koha item type
    Dewey Decimal Classification     Virtual Virtual Online 03/11/2006   WEB SITE 135515-2001 06/08/2019 1 06/08/2019 Online material